| 000 | 00508nam a2200169Ia 4500 | ||
|---|---|---|---|
| 008 | 190430s9999 xx 000 0 und d | ||
| 100 | _aSimeon, Louise Maureen | ||
| 245 | _aDENR firm on Boracay sewage treatment plants/ | ||
| 245 | _cMaureen Louise Simeon and Romina Cabrera | ||
| 260 | _bThe Philippine Star | ||
| 260 | _c2018 | ||
| 300 | _aPage 15, August 28 | ||
| 440 |
_aThe Philippine Star _v33:32 |
||
| 650 | _aBoracay (Philippines) | ||
| 650 | _aGeography | ||
| 650 | _asewage treatment plants | ||
| 999 |
_c361775 _d361775 |
||